International Humanitarian Law (Record no. 3391)
[ view plain ]
| 000 -LEADER | |
|---|---|
| fixed length control field | 00537nam a2200181 4500 |
| 005 - DATE AND TIME OF LATEST TRANSACTION | |
| control field | 20250203174528.0 |
| 008 - FIXED-LENGTH DATA ELEMENTS--GENERAL INFORMATION | |
| fixed length control field | 250203b |||||||| |||| 00| 0 eng d |
| 020 ## - INTERNATIONAL STANDARD BOOK NUMBER | |
| International Standard Book Number | 9789380177755 |
| 050 ## - LIBRARY OF CONGRESS CALL NUMBER | |
| Classification number | K3240 |
| Item number | .4.J11 |
| 100 ## - MAIN ENTRY--PERSONAL NAME | |
| Personal name | Dr U C Jha |
| 245 ## - TITLE STATEMENT | |
| Title | International Humanitarian Law |
| Remainder of title | The Laws of War |
| Statement of responsibility, etc. | Dr U C Jha |
| 260 ## - PUBLICATION, DISTRIBUTION, ETC. | |
| Place of publication, distribution, etc. | New Delhi |
| Name of publisher, distributor, etc. | Vij books india Pvt Ltd |
| Date of publication, distribution, etc. | c2011 |
| 300 ## - PHYSICAL DESCRIPTION | |
| Extent | xi, 419 p.; |
| 500 ## - GENERAL NOTE | |
| General note | includes bibliographical references and index. |
| 650 ## - SUBJECT ADDED ENTRY--TOPICAL TERM | |
| Source of heading or term | Humanitarian |
| Geographic subdivision | India |
| 700 ## - ADDED ENTRY--PERSONAL NAME | |
| Personal name | Dr U C Jha |
| 942 ## - ADDED ENTRY ELEMENTS (KOHA) | |
| Source of classification or shelving scheme | Library of Congress Classification |
| Koha item type | Books |
| Suppress in OPAC | No |
| 999 ## - | |
| -- | 3391 |
| -- | 3391 |
| Withdrawn status | Lost status | Source of classification or shelving scheme | Damaged status | Not for loan | Collection | Home library | Current library | Shelving location | Date acquired | Total checkouts | Full call number | Barcode | Date last seen | Price effective from | Koha item type |
|---|---|---|---|---|---|---|---|---|---|---|---|---|---|---|---|
| Library of Congress Classification | Non-fiction | Law Library (Kumasi) | Law Library (Kumasi) | General stacks | 02/03/2025 | K3240.4.J11 JHA | llk00000039 | 02/03/2025 | 02/03/2025 | Books |